<?xml version="1.0" encoding="UTF-8"?>
<marc:record xmlns:marc="http://www.loc.gov/MARC21/slim">
   <marc:leader>00000nam a2200000 a 4500</marc:leader>
   <marc:datafield ind1="1" ind2=" " tag="100">
      <marc:subfield code="a">Koschak, Michaela</marc:subfield>
      <marc:subfield code="4">aut</marc:subfield>
      <marc:subfield code="e">Verfasser/-in</marc:subfield>
   </marc:datafield>
   <marc:datafield ind1=" " ind2=" " tag="653">
      <marc:subfield code="a">Klimaschutz</marc:subfield>
   </marc:datafield>
   <marc:datafield ind1=" " ind2=" " tag="653">
      <marc:subfield code="a">Nachhaltiges Handeln</marc:subfield>
   </marc:datafield>
   <marc:datafield ind1=" " ind2=" " tag="653">
      <marc:subfield code="a">Haushalt / Klimafreundlichkeit</marc:subfield>
   </marc:datafield>
   <marc:datafield ind1=" " ind2=" " tag="653">
      <marc:subfield code="a">lese fair</marc:subfield>
   </marc:datafield>
   <marc:datafield ind1="0" ind2="0" tag="245">
      <marc:subfield code="a">Klimaschutz im Alltag</marc:subfield>
   </marc:datafield>
   <marc:datafield ind1="0" ind2="0" tag="245">
      <marc:subfield code="b">Kleine Taten - große Wirkung</marc:subfield>
   </marc:datafield>
   <marc:datafield ind1="0" ind2="0" tag="245">
      <marc:subfield code="c">Koschak, Michaela</marc:subfield>
   </marc:datafield>
   <marc:datafield ind1=" " ind2="1" tag="264">
      <marc:subfield code="c">2020</marc:subfield>
   </marc:datafield>
   <marc:datafield ind1="1" ind2=" " tag="520">
      <marc:subfield code="a">Was kann jeder Einzelne zum Klimaschutz beitragen, ohne dass es mit viel Aufwand oder hohen Kosten verbunden sein muss? Dieser Ratgeber möchte zum Nachdenken und zum klimabewussteren Leben und Handeln anregen. Michaela Koschak, MDR-Wetterexpertin und Moderatorin, stellt hier sehr anschaulich zahlreiche nützliche und praktische Tipps für den Alltag vor, die zeigen, wie selbst kleine Änderungen große Wirkungen haben. Neben bereits bekannten Maßnahmen - vom Verzicht auf Flugreisen, unnötige Autofahrten oder Verpackungen beim Einkauf - werden auch bisher weniger diskutierte Alternativen vorgestellt. Wissen Sie, was eine Ökobank ist? Oder besitzen Sie bereits eine Solar-Dusche auf dem Balkon, auf der Terrasse oder im Garten? Beziehen Sie Ökostrom? Antworten auf diese und viele weitere Fragen gibt dieses Buch und zugleich bietet es neue Ideen und Impulse, was alles möglich ist, um die private CO2-Bilanz zu verbessern.</marc:subfield>
   </marc:datafield>
   <marc:datafield ind1=" " ind2=" " tag="020">
      <marc:subfield code="a">9783897985698</marc:subfield>
      <marc:subfield code="9">9783897985698</marc:subfield>
   </marc:datafield>
   <marc:datafield ind1=" " ind2=" " tag="300">
      <marc:subfield code="a">176 Seiten</marc:subfield>
   </marc:datafield>
</marc:record>
